[Event "Sterlitamak Rochinskiy op"]
[Site "Sterlitamak"]
[Date "2012.06.28"]
[Round "7"]
[White "Zhigalov, Artur"]
[Black "Gataullin, Artur"]
[Result "1-0"]
[WhiteElo "1968"]
[BlackElo "2064"]
[PlyCount "43"]
[EventDate "2012.06.22"]
[EventType "swiss"]
[EventRounds "9"]
[EventCountry "RUS"]
[SourceTitle "EXT 2013"]
[Source "ChessBase"]
[SourceDate "2012.11.22"]
[SourceVersion "1"]
[SourceVersionDate "2012.11.22"]
[SourceQuality "1"]

1. e4 e5 2. Nc3 Bc5 3. Bc4 Nc6 4. d3 Nf6 5. Nf3 h6 6. a3 a5 7. Be3 Bxe3 8. fxe3 d6 9. 0-0 0-0 10. Qd2 Re8 11. Rae1 Be6 12. Bxe6 Rxe6 13. Qf2 Re8 14. Nh4 Qd7 15. Nf5 Re6 16. Nd5 Ne8 17. Qh4 Kh7 18. Rf3 Rg6 19. Ref1 f6 20. h3 Nd8 21. Qe1 c6 22. Nb6 1-0

[Event "Sterlitamak Rochinskiy op"]
[Site "Sterlitamak"]
[Date "2012.06.25"]
[Round "4"]
[White "Gataullin, Artur"]
[Black "Kudojarov, Mars"]
[Result "0-1"]
[WhiteElo "2064"]
[BlackElo "1936"]
[PlyCount "168"]
[EventDate "2012.06.22"]
[EventType "swiss"]
[EventRounds "9"]
[EventCountry "RUS"]
[SourceTitle "EXT 2013"]
[Source "ChessBase"]
[SourceDate "2012.11.22"]
[SourceVersion "1"]
[SourceVersionDate "2012.11.22"]
[SourceQuality "1"]

1. e4 c5 2. c3 Nf6 3. e5 Nd5 4. d4 cxd4 5. cxd4 e6 6. Nf3 d6 7. Nc3 dxe5 8. dxe5 Bb4 9. Qb3 Nc6 10. Bd2 0-0 11. Rd1 Bxc3 12. Bxc3 Qc7 13. Bd3 Nxc3 14. Qxc3 g6 15. 0-0 Qa5 16. Qxa5 Nxa5 17. Be4 Rb8 18. b4 Nc4 19. Rd4 b5 20. Bd3 Nb2 21. Be2 Bb7 22. Nd2 Bd5 23. Rc1 a6 24. Nb3 Na4 25. Rd2 Rfd8 26. Nc5 Nxc5 27. bxc5 Rdc8 28. Rb2 Ra8 29. g3 Rc6 30. f3 Rac8 31. Rbc2 Kg7 32. Kf2 f6 33. f4 h6 34. Ke3 g5 35. a3 f5 36. fxg5 hxg5 37. h4 Kg6 38. Rc3 Rf8 39. hxg5 Kxg5 40. Bf3 Bxf3 41. Kxf3 Rd8 42. g4 fxg4+ 43. Ke4 Rf8 44. R3c2 Rf4+ 45. Ke3 Rf3+ 46. Ke4 Rxa3 47. Rd2 Ra4+ 48. Ke3 Kf5 49. Rd6 Rc8 50. Kd3 Ra3+ 51. Kd4 Ra4+ 52. Kd3 Kxe5 53. Re1+ Kf5 54. c6 e5 55. Rf1+ Rf4 56. Ra1 Rd4+ 57. Rxd4 exd4 58. Rxa6 g3 59. Ke2 d3+ 60. Kxd3 g2 61. Ra1 Rxc6 62. Ke3 Rc2 63. Kf3 Ke5 64. Ke3 Kd5 65. Kd3 Rf2 66. Rg1 b4 67. Ke3 Rc2 68. Kd3 Ra2 69. Rb1 Kc5 70. Rc1+ Kb5 71. Kd4 Ra8 72. Rc5+ Ka4 73. Rg5 Rc8 74. Rxg2 b3 75. Kd3 Ka3 76. Rg7 Rc2 77. Ra7+ Kb2 78. Rb7 Ka2 79. Rb8 Rc7 80. Kd2 b2 81. Ra8+ Kb1 82. Rb8 Rh7 83. Rf8 Ra7 84. Kc3 Ka1 0-1

[Event "Ufa Kopylov Memorial op 8th"]
[Site "Ufa"]
[Date "2011.12.24"]
[Round "8"]
[White "Kolev, Gari"]
[Black "Gataullin, Artur"]
[Result "1-0"]
[WhiteElo "2009"]
[BlackElo "2068"]
[PlyCount "98"]
[EventDate "2011.12.17"]
[EventType "swiss"]
[EventRounds "9"]
[EventCountry "RUS"]
[SourceTitle "CBM 146 Extra"]
[Source "ChessBase"]
[SourceDate "2012.02.29"]
[SourceVersion "1"]
[SourceVersionDate "2012.02.29"]
[SourceQuality "1"]

1. d4 d5 2. Nf3 Nf6 3. Bg5 Bf5 4. e3 e6 5. Bd3 Bg4 6. 0-0 Be7 7. Nbd2 Nbd7 8. Be2 h6 9. Bf4 c5 10. Ne5 Nxe5 11. Bxe5 Bxe2 12. Qxe2 0-0 13. c3 Nd7 14. Bg3 f5 15. Nf3 g5 16. Ne5 Nxe5 17. Bxe5 Qe8 18. a4 c4 19. f4 g4 20. e4 dxe4 21. Qxc4 Qd7 22. Rfd1 Rac8 23. Qe2 Kf7 24. Kh1 h5 25. c4 Qc6 26. c5 Qd5 27. b4 h4 28. Qe3 Rg8 29. Kg1 Rg6 30. Rab1 h3 31. g3 Qa2 32. Qd2 Qd5 33. Qe3 Rgg8 34. Qb3 Rgd8 35. Qxd5 Rxd5 36. Kf2 Bf6 37. Bxf6 Kxf6 38. Ke3 Ke7 39. b5 Kd7 40. a5 Rd8 41. Rdc1 Kc8 42. Rc4 Kc7 43. b6+ Kb8 44. bxa7+ Kxa7 45. Rb6 Re8 46. Rcb4 Rd7 47. a6 bxa6 48. Ra4 Ka8 49. Rbxa6+ Kb8 1-0

[Event "Sterlitamak op"]
[Site "Sterlitamak"]
[Date "2011.06.29"]
[Round "3"]
[White "Nozdrin, Alexander V"]
[Black "Gataullin, Artur"]
[Result "1-0"]
[WhiteElo "2379"]
[BlackElo "2050"]
[PlyCount "65"]
[EventDate "2011.06.27"]
[EventType "swiss"]
[EventRounds "9"]
[EventCountry "RUS"]
[SourceTitle "EXT 2012"]
[Source "ChessBase"]
[SourceDate "2011.11.24"]
[SourceVersion "1"]
[SourceVersionDate "2011.11.24"]
[SourceQuality "1"]

1. d4 d5 2. c4 e6 3. Nc3 Nf6 4. Bg5 Be7 5. e3 0-0 6. cxd5 exd5 7. Bd3 h6 8. Bf4 Bd6 9. Nge2 c6 10. h3 Re8 11. Qc2 Bxf4 12. Nxf4 Qd6 13. 0-0-0 Na6 14. Bxa6 bxa6 15. g4 Ne4 16. Nd3 Bd7 17. Rdg1 Ng5 18. Rg3 Qg6 19. h4 Ne4 20. h5 Qd6 21. Nxe4 Rxe4 22. Rhg1 f6 23. Nc5 Re7 24. Nxa6 Be8 25. Nc5 Rb8 26. b3 Qd8 27. f4 Qa5 28. g5 fxg5 29. fxg5 Qa3+ 30. Kb1 hxg5 31. Rxg5 Kh8 32. Qh2 Rd8 33. Rxg7 1-0

[Event "Ufa Kopylov Memorial op-B 7th"]
[Site "Ufa"]
[Date "2010.12.26"]
[Round "6"]
[White "Garifullin, Ildar"]
[Black "Gataullin, Artur"]
[Result "0-1"]
[WhiteElo "1850"]
[BlackElo "2068"]
[PlyCount "114"]
[EventDate "2010.12.21"]
[EventType "swiss"]
[EventRounds "9"]
[EventCountry "RUS"]
[SourceTitle "EXT 2012"]
[Source "ChessBase"]
[SourceDate "2011.11.24"]
[SourceVersion "1"]
[SourceVersionDate "2011.11.24"]
[SourceQuality "1"]

1. e4 e5 2. Nf3 Nc6 3. Bc4 Bc5 4. b4 Bxb4 5. c3 Be7 6. d4 exd4 7. cxd4 Na5 8. Qe2 Nxc4 9. Qxc4 d6 10. Nc3 Nf6 11. e5 dxe5 12. dxe5 Nd7 13. Nd5 c6 14. Nxe7 Qxe7 15. 0-0 Nb6 16. Qe4 h6 17. a4 Qe6 18. Rd1 0-0 19. Ba3 Re8 20. Rac1 Qg4 21. Qd3 Nd5 22. h3 Qxa4 23. Rc4 Qa6 24. Bd6 Nb6 25. Rd4 Qxd3 26. R4xd3 Bf5 27. Rd4 f6 28. exf6 Nd5 29. fxg7 Nc3 30. R1d2 Ne4 31. Rb2 b6 32. Bf8 Ng5 33. Nh4 Bh7 34. Rd6 Re6 35. Rbd2 Rae8 36. f4 Re1+ 37. Kf2 Ne4+ 38. Kxe1 Nxd6+ 39. Re2 Rxe2+ 40. Kxe2 Ne8 41. g4 Nxg7 42. Bd6 Be4 43. Nf3 Bxf3+ 44. Kxf3 Kf7 45. Ke4 Ne8 46. Be5 a5 47. h4 Nf6+ 48. Bxf6 Kxf6 49. g5+ hxg5 50. fxg5+ Kg6 51. Kd4 b5 52. Kc3 c5 53. Kc2 a4 54. Kb2 b4 55. Ka2 c4 56. Kb2 c3+ 57. Kc2 a3 0-1

[Event "Bashkortostan-ch"]
[Site "Oktjabrsky"]
[Date "2010.12.18"]
[Round "7.3"]
[White "Gataullin, Artur"]
[Black "Dubov, Danil"]
[Result "0-1"]
[WhiteElo "2068"]
[BlackElo "2195"]
[PlyCount "96"]
[EventDate "2010.12.14"]
[EventType "swiss"]
[EventRounds "9"]
[EventCountry "RUS"]
[SourceTitle "EXT 2022"]
[Source "ChessBase"]
[SourceDate "2021.10.06"]
[SourceVersion "1"]
[SourceVersionDate "2021.10.06"]
[SourceQuality "1"]

1. e4 b6 2. d4 Bb7 3. Nc3 e6 4. Nf3 g6 5. Bd3 Bg7 6. 0-0 d6 7. Re1 Ne7 8. Bg5 h6 9. Bh4 0-0 10. e5 d5 11. Bf6 Bxf6 12. exf6 Nec6 13. Qd2 Kh7 14. Qf4 Nd7 15. Nb5 a6 16. Nxc7 e5 17. Nxe5 Ndxe5 18. Nxa8 Nxd3 19. cxd3 Bxa8 20. a3 Qb8 21. Qh4 Qd6 22. Rac1 g5 23. Qg4 Qxf6 24. Qd7 Nxd4 25. Rc7 Bc6 26. Qg4 Nb5 27. Re6 Re8 28. Rxe8 Bxe8 29. Rc8 Nd6 30. Rb8 Qxb2 31. h4 Qc1+ 32. Kh2 Qc7 33. Ra8 Bc6 34. Rxa6 Qb7 35. Qb4 Qxa6 36. Qxd6 Qc8 37. hxg5 hxg5 38. Qf6 Qe6 39. Qd8 Bb5 40. d4 Bd3 41. f3 g4 42. Kg3 gxf3 43. gxf3 Kg7 44. a4 Bc2 45. Qa8 Qe1+ 46. Kf4 Qd2+ 47. Ke5 Qe3+ 48. Kd6 Qxd4 0-1

[Event "Bashkortostan-ch"]
[Site "Oktjabrsky"]
[Date "2010.12.18"]
[Round "8.5"]
[White "Tagirov, Kajum K"]
[Black "Gataullin, Artur"]
[Result "0-1"]
[WhiteElo "1895"]
[BlackElo "2068"]
[PlyCount "124"]
[EventDate "2010.12.14"]
[EventType "swiss"]
[EventRounds "9"]
[EventCountry "RUS"]
[SourceTitle "EXT 2022"]
[Source "ChessBase"]
[SourceDate "2021.10.06"]
[SourceVersion "1"]
[SourceVersionDate "2021.10.06"]
[SourceQuality "1"]

1. b4 e5 2. Bb2 d6 3. e3 Nf6 4. Nf3 a6 5. c4 Nc6 6. a3 Be7 7. Be2 Bf5 8. d3 0-0 9. 0-0 e4 10. Nd4 Nxd4 11. exd4 d5 12. c5 Qd7 13. Bc1 a5 14. bxa5 Rxa5 15. Nc3 c6 16. Bf4 Rfa8 17. a4 Bd8 18. h3 R5a7 19. f3 Ba5 20. Na2 Bg6 21. Be5 Bd8 22. Nc3 exd3 23. Bxd3 b6 24. Bxg6 hxg6 25. Rf2 bxc5 26. dxc5 Be7 27. Bd4 Ra5 28. Rd2 Qa7 29. Kh1 Bxc5 30. Ne2 Bxd4 31. Nxd4 Qc7 32. Rda2 Qd6 33. Nb3 R5a6 34. Qc2 Nd7 35. Rc1 c5 36. Raa1 c4 37. Nd4 Nc5 38. Qd1 Nd3 39. Qd2 Qc5 40. Qc3 Re8 41. Kh2 Qd6+ 42. g3 Qe5 43. a5 Qf6 44. Rab1 Re3 45. Rc2 Qe5 46. Qa1 Ne1 47. Rf2 c3 48. Qa4 Nxf3+ 49. Nxf3 Rxf3 50. Rg2 Rff6 51. Qb5 Rfc6 52. Re2 Qd6 53. Re8+ Kh7 54. Qa4 Rc4 55. Qc2 Re4 56. Rxe4 dxe4 57. Qxc3 Qd5 58. Ra1 f5 59. h4 Rc6 60. Qe3 Rc2+ 61. Kh3 Qe5 62. a6 Qxa1 0-1

[Event "Bashkortostan-ch"]
[Site "Oktjabrsky"]
[Date "2010.12.17"]
[Round "6.2"]
[White "Sabiryanov, Ainur"]
[Black "Gataullin, Artur"]
[Result "1-0"]
[WhiteElo "2081"]
[BlackElo "2068"]
[PlyCount "69"]
[EventDate "2010.12.14"]
[EventType "swiss"]
[EventRounds "9"]
[EventCountry "RUS"]
[SourceTitle "EXT 2022"]
[Source "ChessBase"]
[SourceDate "2021.10.06"]
[SourceVersion "1"]
[SourceVersionDate "2021.10.06"]
[SourceQuality "1"]

1. e4 e5 2. Nf3 Nc6 3. Bc4 Bc5 4. c3 Nf6 5. d4 exd4 6. cxd4 Bb4+ 7. Nc3 Nxe4 8. 0-0 Bxc3 9. d5 Bf6 10. Re1 0-0 11. Rxe4 Nb8 12. d6 Nc6 13. dxc7 Qxc7 14. Bxf7+ Kh8 15. Bf4 d6 16. Be6 Bxe6 17. Rxe6 Qf7 18. Qe2 Nd4 19. Nxd4 Bxd4 20. Bg3 Rae8 21. Rxe8 Rxe8 22. Qd2 Qf6 23. Re1 Rf8 24. h3 h6 25. Rd1 Bb6 26. Kh1 d5 27. Re1 d4 28. Be5 Qg6 29. Bxd4 Rd8 30. Re4 Qd6 31. Re8+ Kh7 32. Qc2+ g6 33. Qb3 Qd5 34. Qxd5 Rxd5 35. Rh8# 1-0

[Event "Bashkortostan-ch"]
[Site "Oktjabrsky"]
[Date "2010.12.16"]
[Round "4.4"]
[White "Gataullin, Artur"]
[Black "Evteev, Alexey"]
[Result "1-0"]
[WhiteElo "2068"]
[BlackElo "1883"]
[PlyCount "41"]
[EventDate "2010.12.14"]
[EventType "swiss"]
[EventRounds "9"]
[EventCountry "RUS"]
[SourceTitle "EXT 2022"]
[Source "ChessBase"]
[SourceDate "2021.10.06"]
[SourceVersion "1"]
[SourceVersionDate "2021.10.06"]
[SourceQuality "1"]

1. e4 e6 2. d4 d5 3. Nc3 Bb4 4. e5 c5 5. Qg4 Ne7 6. Qxg7 Rg8 7. Qh6 cxd4 8. a3 Qa5 9. axb4 Qxa1 10. Nb5 Nbc6 11. Nc7+ Kd7 12. Nxa8 Rg6 13. Qd2 b6 14. Nf3 Nxb4 15. Nxd4 Rg4 16. Bb5+ Nec6 17. c3 Re4+ 18. Kd1 Bb7 19. cxb4 Rxd4 20. Bxc6+ Bxc6 21. Qxd4 1-0

[Event "Anapa op-B"]
[Site "Anapa"]
[Date "2010.09.06"]
[Round "5"]
[White "Garifullin, Ildar"]
[Black "Gataullin, Artur"]
[Result "0-1"]
[WhiteElo "1842"]
[BlackElo "2081"]
[PlyCount "64"]
[EventDate "2010.08.31"]
[EventType "swiss"]
[EventRounds "9"]
[EventCountry "RUS"]
[SourceTitle "EXT 2013"]
[Source "ChessBase"]
[SourceDate "2012.11.22"]
[SourceVersion "1"]
[SourceVersionDate "2012.11.22"]
[SourceQuality "1"]

1. e4 e5 2. Nf3 Nc6 3. Bc4 Bc5 4. b4 Bxb4 5. c3 Ba5 6. d4 exd4 7. 0-0 d6 8. cxd4 Bg4 9. Qb3 Qd7 10. Ng5 Nh6 11. Nxf7 Nxf7 12. Bxf7+ Qxf7 13. Qxb7 0-0 14. Qxc6 Be2 15. Be3 Bxf1 16. Kxf1 Rab8 17. Qc2 Qh5 18. Kg1 Rb2 19. Qc4+ d5 20. Qd3 dxe4 21. Qc4+ Qf7 22. Na3 Bd2 23. Qe2 Bc1 24. Nc2 Bxe3 25. fxe3 Rxa2 26. Rc1 Qb3 27. d5 a5 28. Nd4 Rxe2 29. Nxb3 a4 30. Nd4 Rxe3 31. Ne6 Rc8 32. Nxc7 Rd3 0-1